Populacja województw - Statystyki

Ogólne statystyki
  • Ten quiz został rozwiązany 23 razy
  • Średni wynik to 15 z 16
Statystyki odpowiedzi
Hint Odpowiedź % Poprawnych
5 510 618 Mazowieckie
100%
2 874 496 Dolnośląskie
95%
972 140 Lubuskie
95%
3 429 685 Małopolskie
95%
2 359 956 Pomorskie
95%
4 305 126 Śląskie
95%
3 484 177 Wielkopolskie
95%
1 626 876 Zachodniopomorskie
95%
1 990 323 Kujawsko-pomorskie
89%
2 354 135 Łódzkie
89%
2 003 475 Lubelskie
89%
933 349 Opolskie
89%
2 067 139 Podkarpackie
89%
1 163 001 Świętokrzyskie
89%
1 135 201 Podlaskie
84%
1 353 374 Warmińsko-mazurskie
84%
Nie znaleziono quizów pasujących do podanych kryteriów
Rozkład punktacji
Procent ludzi z każdym wynikiem
Percentyl według liczby udzielonych odpowiedzi
Twoja historia wyników
Nie rozwiązałeś tego quizu